000 00251nam a2200097Ia 4500
001 687332
005 20250826161553.0
008 250824s9999 xx 000 0 und d
245 0 _aKISA PANTOLONLU SEVDA
_cNİHAT ZİYALAN
260 _bGÜNIŞIĞI YAYINLARI
999 _c687332
_d687332